CS-GO,2 Major winners [FullNames of teams] - Statistics

General Stats
  • This quiz has been taken 41 times
  • The average score is 15 of 22
Answer Stats
Hint Answer % Correct
DreamHack Winter 2013 Fnatic
86%
ESL One Katowice 2015 Fnatic
86%
ESL One Cologne 2015 Fnatic
86%
PGL Major Stockholm 2021 Natus Vincere
86%
PGL Major Copenhagen 2024 Natus Vincere
86%
PGL Major Antwerp 2022 FaZe Clan
83%
EMS One Katowice 2014 Virtus.pro
80%
ELEAGUE Major Atlanta 2017 Astralis
77%
FACEIT Major London 2018 Astralis
77%
IEM Katowice 2019 Astralis
77%
StarLadder Berlin Major 2019 Astralis
77%
ELEAGUE Major Boston 2018 Cloud9
71%
BLAST.tv Paris Major 2023 Team Vitality
69%
BLAST.tv Austin Major 2025 Team Vitality
69%
ESL One Cologne 2014 Ninjas in Pyjamas
63%
IEM Rio Major 2022 Outsiders
63%
ESL One Cologne 2016 SK Gaming
63%
Perfect World Shanghai Major 2024 Team Spirit
63%
PGL Major Kraków 2017 Gambit Esports
54%
MLG Columbus 2016 Luminosity Gaming
54%
DreamHack Cluj-Napoca 2015 Team EnVyUs
40%
DreamHack Winter 2014 Team LDLC.com
11%
No matching quizzes found
Score Distribution
Percent of People with Each Score
Percentile by Number Answered
Your Score History
You have not taken this quiz